Cyclisme : Les 35 pays représentés en UCI ProTeam en 2024 - Statistiques

Statistiques générales
  • Ce quiz a été pris 51 fois
  • Le résultat moyen est 24 sur 35
Statistiques - réponses
Nombre de coureurs Pays Représenté % Correct
31 France
100%
78 Espagne
98%
64 Italie
96%
66 Belgique
91%
25 Norvège
91%
14 Royaume-Uni
91%
13 Suisse
91%
17 Danemark
89%
4 Etats-Unis
89%
16 Pays-Bas
89%
3 Suede
89%
11 Allemagne
87%
9 Australie
84%
6 Canada
82%
1 Portugal
82%
2 Irlande
80%
2 Pologne
76%
2 Hongrie
73%
2 Luxembourg
73%
2 Colombie
71%
7 Nouvelle-Zelande
71%
1 Lettonie
64%
1 Argentine
62%
1 Grèce
62%
8 République Tchèque
62%
3 Ukraine
60%
1 Équateur
56%
1 Venezuela
53%
2 Éthiopie
40%
4 Israël
40%
1 Chili
38%
2 Uruguay
38%
1 Monaco
33%
1 Mongolie
27%
1 Guatemala
11%
Aucun quiz correspondant
Distribution des résultats
% des personnes avec chaque résultat
Percentile par nombre de réponses
Votre historique - résultats
Vous n’avez pas pris ce quiz